000 00522nam a2200157 a 4500
001 000026658
005 20200930030334.0
008 110324s2000 dr 000 p spa d
040 _aDO-SdBNP
_bspa
_cBNPHU
082 _axxx
_bB862a
100 1 _aBrito Irizarry, Esckie,
_d1962-
_953784
245 1 0 _aAmada versatil :
_bdemocracia for ever /
_cEsckie Brito Irizarry.
260 _aSanto Domingo :
_bImpresora Carlos,
_c2000.
300 _a62 p. ;
_c21 cm.
500 _aIncluye datos biográficos del autor en la contracubierta.
999 _c26150
_d26150